000 00251nam a22001217a 4500
082 _a894.812.3
_bMAD/V
100 _aMADHAVIKKUTTY
245 _aVAKEELAMMAVAN
260 _aKANNUR
_bKAIRALI BOOKS
_c2006
300 _a192
520 _aNOVEL
942 _cBK
999 _c7772
_d7772